00179nam a2200085Ia 4500008004100000041000800041100001300049245002200062260000900084230508s1998 xx 000 0 und d aeng aSEN P.C. aPOWER ELECTRONICS c1998